<?xml version="1.0" encoding="UTF-8"?>
<record
    xmlns:xsi="http://www.w3.org/2001/XMLSchema-instance"
    xsi:schemaLocation="http://www.loc.gov/MARC21/slim http://www.loc.gov/standards/marcxml/schema/MARC21slim.xsd"
    xmlns="http://www.loc.gov/MARC21/slim">

  <leader>01723nam0a2200373   4500</leader>
  <controlfield tag="001">RU\NLR\BIBL_A\012027400</controlfield>
  <controlfield tag="005">20250128194045.0</controlfield>
  <datafield tag="010" ind1=" " ind2=" ">
    <subfield code="a">978-5-00066-161-1</subfield>
    <subfield code="9">3000</subfield>
  </datafield>
  <datafield tag="021" ind1=" " ind2=" ">
    <subfield code="a">RU</subfield>
    <subfield code="b">&#x41A;&#x41D;-&#x41F;-19-032385</subfield>
    <subfield code="9">&#x41A;&#x41D;-&#x41F;-19-2408</subfield>
  </datafield>
  <datafield tag="021" ind1=" " ind2=" ">
    <subfield code="a">RU</subfield>
    <subfield code="b">&#x41A;&#x41D;-&#x41F;-23-000433</subfield>
    <subfield code="9">&#x41A;&#x41D;-&#x41F;-23-0038</subfield>
  </datafield>
  <datafield tag="035" ind1=" " ind2=" ">
    <subfield code="a">(NLR Aleph) 012027400</subfield>
  </datafield>
  <datafield tag="035" ind1=" " ind2=" ">
    <subfield code="a">(RuMoRGB)009975051</subfield>
  </datafield>
  <datafield tag="090" ind1=" " ind2=" ">
    <subfield code="a">13422770</subfield>
    <subfield code="c">13422770</subfield>
  </datafield>
  <datafield tag="100" ind1=" " ind2=" ">
    <subfield code="a">20190603d2019    u  y0rusy50      ca</subfield>
  </datafield>
  <datafield tag="101" ind1="0" ind2=" ">
    <subfield code="a">rus</subfield>
    <subfield code="a">inh</subfield>
    <subfield code="a">ara</subfield>
  </datafield>
  <datafield tag="102" ind1=" " ind2=" ">
    <subfield code="a">RU</subfield>
  </datafield>
  <datafield tag="105" ind1=" " ind2=" ">
    <subfield code="a">y|||z|||000zy</subfield>
  </datafield>
  <datafield tag="200" ind1="1" ind2=" ">
    <subfield code="a">&#x414;&#x435;&#x432;&#x44F;&#x43D;&#x43E;&#x441;&#x442;&#x43E; &#x434;&#x435;&#x432;&#x44F;&#x442;&#x44C; &#x438;&#x43C;&#x435;&#x43D; &#x410;&#x43B;&#x43B;&#x430;&#x445;&#x430; &#x438; &#x43C;&#x43E;&#x43B;&#x44C;&#x431;&#x44B; &#x41F;&#x440;&#x43E;&#x440;&#x43E;&#x43A;&#x430; &#x41C;&#x443;&#x445;&#x430;&#x43C;&#x43C;&#x430;&#x434;&#x430;, &#x434;&#x430; &#x431;&#x43B;&#x430;&#x433;&#x43E;&#x441;&#x43B;&#x43E;&#x432;&#x438;&#x442; &#x435;&#x433;&#x43E; &#x410;&#x43B;&#x43B;&#x430;&#x445; &#x438; &#x43F;&#x440;&#x438;&#x432;&#x435;&#x442;&#x441;&#x442;&#x432;&#x443;&#x435;&#x442;, &#x43D;&#x430; &#x438;&#x43D;&#x433;&#x443;&#x448;&#x441;&#x43A;&#x43E;&#x43C; &#x44F;&#x437;&#x44B;&#x43A;&#x435;</subfield>
    <subfield code="f">[&#x441;&#x43E;&#x441;&#x442;&#x430;&#x432;&#x438;&#x442;&#x435;&#x43B;&#x438;: &#x422;&#x430;&#x43D;&#x433;&#x438;&#x435;&#x432; &#x425;&#x430;&#x43C;&#x437;&#x430;&#x442; &#x42F;&#x441;&#x430;&#x43A;&#x43E;&#x432;&#x438;&#x447;, &#x422;&#x430;&#x43D;&#x433;&#x438;&#x435;&#x432; &#x410;&#x43B;&#x438;&#x445;&#x430;&#x43D; &#x418;&#x441;&#x441;&#x430;&#x435;&#x432;&#x438;&#x447;]</subfield>
  </datafield>
  <datafield tag="210" ind1=" " ind2=" ">
    <subfield code="a">&#x41D;&#x430;&#x43B;&#x44C;&#x447;&#x438;&#x43A;</subfield>
    <subfield code="c">&#x422;&#x435;&#x442;&#x440;&#x430;&#x433;&#x440;&#x430;&#x444;</subfield>
    <subfield code="d">2019</subfield>
  </datafield>
  <datafield tag="215" ind1=" " ind2=" ">
    <subfield code="a">199 &#x441;.</subfield>
    <subfield code="d">15</subfield>
  </datafield>
  <datafield tag="300" ind1=" " ind2=" ">
    <subfield code="a">&#x41D;&#x430; &#x43E;&#x431;&#x43B;.: &#x410;&#x43B;&#x43B;&#x430;&#x445;l&#x430; &#x435;&#x437;&#x442;&#x43A;&#x44A;&#x435; &#x442;&#x43A;&#x44A;&#x435;&#x441;&#x442;&#x430; &#x446;l&#x435;&#x440;&#x438;&#x439; &#x43C;&#x430;l&#x430;&#x43D;&#x430;&#x448;&#x438; &#x41C;&#x443;&#x445;&#x44C;&#x430;&#x43C;&#x43C;&#x430;&#x434; &#x41F;&#x430;&#x439;&#x445;&#x430;&#x43C;&#x430;&#x440;&#x430; &#x434;&#x443;l&#x430;&#x448;&#x438;</subfield>
  </datafield>
  <datafield tag="300" ind1=" " ind2=" ">
    <subfield code="a">&#x422;&#x435;&#x43A;&#x441;&#x442; &#x430;&#x440;&#x430;&#x431;., &#x438;&#x43D;&#x433;., &#x440;&#x443;&#x441;.</subfield>
  </datafield>
  <datafield tag="512" ind1="1" ind2=" ">
    <subfield code="a">&#x410;&#x43B;&#x43B;&#x430;&#x445;l&#x430; &#x435;&#x437;&#x442;&#x43A;&#x44A;&#x435; &#x442;&#x43A;&#x44A;&#x435;&#x441;&#x442;&#x430; &#x446;l&#x435;&#x440;&#x438;&#x439; &#x43C;&#x430;l&#x430;&#x43D;&#x430;&#x448;&#x438; &#x41C;&#x443;&#x445;&#x44C;&#x430;&#x43C;&#x43C;&#x430;&#x434; &#x41F;&#x430;&#x439;&#x445;&#x430;&#x43C;&#x430;&#x440;&#x430; &#x434;&#x443;l&#x430;&#x448;&#x438;</subfield>
  </datafield>
  <datafield tag="606" ind1="1" ind2=" ">
    <subfield code="a">&#x41C;&#x43E;&#x43B;&#x438;&#x442;&#x432;&#x44B; &#x43C;&#x443;&#x441;&#x443;&#x43B;&#x44C;&#x43C;&#x430;&#x43D;&#x441;&#x43A;&#x438;&#x435;</subfield>
    <subfield code="2">nlr_sh1</subfield>
    <subfield code="2">nlr_sh2</subfield>
    <subfield code="3">RU\NLR\AUTH\661286398</subfield>
  </datafield>
  <datafield tag="686" ind1="2" ind2=" ">
    <subfield code="a">&#x42D;38-503.11</subfield>
  </datafield>
  <datafield tag="702" ind1=" " ind2="1">
    <subfield code="a">&#x422;&#x430;&#x43D;&#x433;&#x438;&#x435;&#x432;</subfield>
    <subfield code="b">&#x425;.&#x42F;.</subfield>
    <subfield code="g">&#x425;&#x430;&#x43C;&#x437;&#x430;&#x442; &#x42F;&#x441;&#x430;&#x43A;&#x43E;&#x432;&#x438;&#x447;</subfield>
    <subfield code="4">220</subfield>
  </datafield>
  <datafield tag="852" ind1=" " ind2=" ">
    <subfield code="a">NLR</subfield>
    <subfield code="b">&#x41E;&#x41D;&#x41B;</subfield>
    <subfield code="j">&#x418;&#x43D;&#x433;&#x443;&#x448;./1-39</subfield>
  </datafield>
  <datafield tag="942" ind1=" " ind2=" ">
    <subfield code="c">BOOK</subfield>
  </datafield>
  <datafield tag="980" ind1=" " ind2=" ">
    <subfield code="a">NBR</subfield>
  </datafield>
  <datafield tag="980" ind1=" " ind2=" ">
    <subfield code="a">NB</subfield>
  </datafield>
  <datafield tag="995" ind1=" " ind2=" ">
    <subfield code="5">2019-06-03</subfield>
    <subfield code="a">ad</subfield>
    <subfield code="b">NLR01</subfield>
    <subfield code="c">NLR01</subfield>
    <subfield code="e">ONL</subfield>
    <subfield code="f">1-2747695</subfield>
    <subfield code="k">&#x41E;&#x41D;&#x41B; &#x418;&#x43D;&#x433;&#x443;&#x448;./1-39</subfield>
    <subfield code="o">0</subfield>
    <subfield code="r">BOOK</subfield>
    <subfield code="s">_139</subfield>
  </datafield>
  <datafield tag="995" ind1=" " ind2=" ">
    <subfield code="5">2023-02-14</subfield>
    <subfield code="a">ad</subfield>
    <subfield code="b">NLR01</subfield>
    <subfield code="c">NLR01</subfield>
    <subfield code="e">OBM</subfield>
    <subfield code="f">1-4123481</subfield>
    <subfield code="o">0</subfield>
    <subfield code="r">BOOK</subfield>
  </datafield>
</record>
